000 01318cam a2200325 a 4500
999 _c128934
_d128934
001 4758362
003 ARRUPE
005 20190207122641.0
008 870824s1984 rh c 000 0deng
010 _a 85168102
020 _a094993285X (pbk.) :
_c$3.00
040 _aDLC
_cDLC
_dDLC
043 _af-rh---
050 0 0 _aSPC. DT2988
082 0 0 _a968.91/04/0922
_219
245 0 0 _aYoung women in the liberation struggle :
_bstories and poems from Zimbabwe /
_cedited by Kathy Bond-Stewart ; assisted by Leocardia Chimbandi Mudimu ; photographs by Biddy Partridge.
260 _aHarare, Zimbabwe :
_bZimbabwe Pub. House,
_c1984.
300 _a67 p. :
_bports. ;
_c30 cm.
490 1 _aWomen of Africa
650 0 _aWomen in Ximbabwe
_xPoetry.
_944481
650 0 _aZimbabwean poetry (English)
_99731
651 0 _aZimbabwe
_xHistory
_yChimurenga War, 1966-1980
_xWomen.
_9268
700 2 _aBond-Stewart, Kathy.
_944482
700 1 _aMudimu, Leocardia Chimbandi.
_944483
830 0 _aWomen of Africa series.
_944484
906 _a7
_bcbc
_corignew
_d3
_encip
_f19
_gy-gencatlg
942 _2lcc
_cSPC